Fuzzy myšlení

Metodický prístup v modernom riadení predstavuje fuzzy myslenie. Dovoľuje racionálne pracovať s textami, pre ktoré je príznačná neukončenosť, vágnosť a otvorenosť voči ďalšiemu vyjasňovaniu zmyslu. Pri fuzzy myslení nejde len o formuláciu nových logických pravidiel, ale tiež o sledovanie širšieho ko...

Ausführliche Beschreibung

Gespeichert in:
Bibliographische Detailangaben
1. Verfasser: Vítek, M.
Format: Buchkapitel
Sprache:Tschechisch
Schlagworte:
Tags: Tag hinzufügen
Keine Tags, Fügen Sie das erste Tag hinzu!

MARC

LEADER 00000naa a2200000 4500
001 r027150
005 20230922084510.5
041 0 |a cze 
044 |a CZ 
245 1 0 |a Fuzzy myšlení  |c M. Vítek 
520 |a Metodický prístup v modernom riadení predstavuje fuzzy myslenie. Dovoľuje racionálne pracovať s textami, pre ktoré je príznačná neukončenosť, vágnosť a otvorenosť voči ďalšiemu vyjasňovaniu zmyslu. Pri fuzzy myslení nejde len o formuláciu nových logických pravidiel, ale tiež o sledovanie širšieho kontextu, v ktorom myslenie prebieha. Aplikácia matematiky pri objasňovaní otvorenosti ideí. Fuzzy myslenie a ideológia. 
610 2 0 |a metodika 
610 2 0 |a riadenie 
610 2 0 |a matematizácia 
610 2 0 |a postoje 
610 2 0 |a ideológia 
610 2 0 |a myslenie ekonomické 
100 1 |a Vítek, M.